Los pocos elegidos : (Registro nro. 4851)

Detalles MARC
000 -LEADER
fixed length control field 01713nam a2200301Ia 4500
003 - CONTROL NUMBER IDENTIFIER
control field OSt
005 - DATE AND TIME OF LATEST TRANSACTION
control field 20200918103705.0
008 - FIXED-LENGTH DATA ELEMENTS--GENERAL INFORMATION
fixed length control field 191128t2014 sp adb gr 001 0dspa d
020 ## - INTERNATIONAL STANDARD BOOK NUMBER
International Standard Book Number 9788494126710
040 ## - CATALOGING SOURCE
Original cataloging agency CO-JMCR
Transcribing agency CO-JMCR
041 1# - LANGUAGE CODE
Language code of text/sound track or separate title spa
Language code of original eng
082 04 - DEWEY DECIMAL CLASSIFICATION NUMBER
Classification number 909.0492407 /
Item number B677p
Edition number 23
100 1# - MAIN ENTRY--PERSONAL NAME
Personal name Botticini, Maristella,
Relator term autora
9 (RLIN) 10468
245 14 - TITLE STATEMENT
Title Los pocos elegidos :
Remainder of title la influencia decisiva de la educación en la historia del pueblo judío, 70-1492 /
Statement of responsibility, etc. Maristella Botticini y Zvi Eckstein ; traducción de Victor V. Úbeda
260 ## - PUBLICATION, DISTRIBUTION, ETC.
Place of publication, distribution, etc. Barcelona :
Name of publisher, distributor, etc. Antoni Bosch,
Date of publication, distribution, etc. ©2014
300 ## - PHYSICAL DESCRIPTION
Extent 417 páginas :
Other physical details gráficos y mapas a blanco y negro ;
Dimensions 23 cm.
500 ## - GENERAL NOTE
General note Incluye datos biográficos de los autores e índice analítico.
504 ## - BIBLIOGRAPHY, ETC. NOTE
Bibliography, etc. note Bibliografía: páginas 381-409
505 0# - FORMATTED CONTENTS NOTE
Formatted contents note 70 d.C.-1492: ¿Cuántos eran los judíos, y dónde y cómo vivían ? -- ¿Erán los judíos una minoría oprimida? -- El pueblo del libro, 200 a.C.-200 d.C. -- Análisis económico de la alfabetización hebraica en un mundo rural -- Los judíos en la era del Talmud,
520 3# - SUMMARY, ETC.
Summary, etc. En el año 70 d.C., los judíos eran en su mayor parte campesinos analfabetos que habitaban en la tierra de Israel y Mesopotamia. En 1492 se habían convertido en una pequeña comunidad instruida y desperdigada por una miríada de centros urbanos
534 ## - ORIGINAL VERSION NOTE
Introductory phrase The Closen Few: How Education Shaped Jewish History, 70-1492
546 ## - LANGUAGE NOTE
Language note Traducido del inglés
650 14 - SUBJECT ADDED ENTRY--TOPICAL TERM
Topical term or geographic name entry element Judíos
General subdivision educación
Form subdivision historia
Chronological subdivision Hasta 1492
9 (RLIN) 10469
650 14 - SUBJECT ADDED ENTRY--TOPICAL TERM
Topical term or geographic name entry element Judíos
General subdivision condiciones económicas
Chronological subdivision Hasta 1492
9 (RLIN) 10470
700 1# - ADDED ENTRY--PERSONAL NAME
Personal name Eckstein, Zvi,
Relator term autor
9 (RLIN) 10471
700 1# - ADDED ENTRY--PERSONAL NAME
Personal name Úbeda, Víctor V,
Relator term traductor
9 (RLIN) 176
942 ## - ADDED ENTRY ELEMENTS (KOHA)
Source of classification or shelving scheme Dewey Decimal Classification
Koha item type Books
Existencias
Withdrawn status Lost status Source of classification or shelving scheme Damaged status Not for loan Collection code Home library Current library Date acquired Source of acquisition Total Checkouts Full call number Barcode Date last seen Date last checked out Copy number Koha item type
    Dewey Decimal Classification     Non-fiction Biblioteca Pública José María del Castillo y Rada Biblioteca Pública José María del Castillo y Rada 12/16/2015 Donación 1 909.0492407 / B677p 430000758 09/04/2025 09/03/2025 Ej.1 Books